TV Network Logos IV Quiz Stats

 Plays Quiz Updated Dec 26, 2018

Challenge
Share
Tweet
Score 0/20 Timer 04:00
0 Plays Today
% Correct
CNN
99.1%
MTV
98%
Fox
95.8%
MLB Network
81.6%
Fox News
78.8%
TLC
77.1%
HGTV
73.8%
Lifetime
72%
TNT
66.6%
C-Span
66%
% Correct
Nick Jr.
54.5%
ESPN Classic
49.2%
Spike TV
44.2%
Univision
31.2%
Big Ten Network
29.4%
Game Show Network
27.7%
Planet Green
18.9%
Eternal Word Television Network
5.3%
Reelz
2.8%
Smithsonian Channel
2.3%

You're not logged in!

Compare scores with friends on all Sporcle quizzes.
OR
Log In

You Might Also Like...

Show Comments

Extras

Top Quizzes Today


Score Distribution

Your Account Isn't Verified!

In order to create a playlist on Sporcle, you need to verify the email address you used during registration. Go to your Sporcle Settings to finish the process.

Report this User

Report this user for behavior that violates our Community Guidelines.

Details: